[Event "Goch op 15th"]
[Site "Goch"]
[Date "2004.10.03"]
[Round "7"]
[White "Stuermer, Paul"]
[Black "Buchkremer, Felix"]
[Result "1-0"]
[WhiteElo "2148"]
[BlackElo "2041"]
[PlyCount "53"]
[EventDate "2004.09.30"]
[EventType "swiss"]
[EventRounds "7"]
[EventCountry "GER"]
[SourceTitle "EXT 2006"]
[Source "ChessBase"]
[SourceDate "2005.11.24"]
[SourceVersion "1"]
[SourceVersionDate "2005.11.24"]
[SourceQuality "1"]

1. c4 f5 2. g3 Nf6 3. Bg2 g6 4. Nc3 Bg7 5. d3 0-0 6. e4 fxe4 7. dxe4 d6 8. Nge2 c5 9. 0-0 Nc6 10. h3 e5 11. Bg5 Be6 12. Nd5 Nd4 13. Nec3 Qd7 14. Kh2 Rf7 15. Qd3 Raf8 16. Bxf6 Bxf6 17. f3 Bd8 18. Rad1 Bg5 19. Ne2 h5 20. f4 Nxe2 21. fxg5 Bxd5 22. exd5 Rxf1 23. Rxf1 Rxf1 24. Bxf1 Nd4 25. Qxg6+ Qg7 26. Qxh5 Qxg5 27. Qxg5+ 1-0

[Event "Goch op 15th"]
[Site "Goch"]
[Date "2004.10.02"]
[Round "4"]
[White "Kohtz, Andreas"]
[Black "Stuermer, Paul"]
[Result "1/2-1/2"]
[WhiteElo "2090"]
[BlackElo "2148"]
[PlyCount "65"]
[EventDate "2004.09.30"]
[EventType "swiss"]
[EventRounds "7"]
[EventCountry "GER"]
[SourceTitle "EXT 2006"]
[Source "ChessBase"]
[SourceDate "2005.11.24"]
[SourceVersion "1"]
[SourceVersionDate "2005.11.24"]
[SourceQuality "1"]

1. d4 Nf6 2. Nf3 g6 3. Bf4 Bg7 4. e3 0-0 5. Be2 d6 6. h3 a6 7. a4 b6 8. 0-0 Bb7 9. Nbd2 Nbd7 10. Qb1 e5 11. dxe5 dxe5 12. Bh2 Qe7 13. Rd1 Rfd8 14. c3 Nd5 15. Nc4 f6 16. Qc2 Kh8 17. Rd2 Nc5 18. Rad1 Bc6 19. b3 Rd7 20. e4 Nf4 21. Bxf4 exf4 22. Rxd7 Bxd7 23. Qd2 Bc6 24. Nd4 Bxe4 25. Qxf4 Bb7 26. Ne3 Rd8 27. Bf3 Ne4 28. c4 Nc3 29. Rc1 Bxf3 30. Qxf3 Rxd4 31. Rxc3 f5 32. Rc1 a5 33. Rd1 1/2-1/2

[Event "Goch op 15th"]
[Site "Goch"]
[Date "2004.10.02"]
[Round "5"]
[White "Stuermer, Paul"]
[Black "Hammann, Bernd"]
[Result "1/2-1/2"]
[WhiteElo "2148"]
[BlackElo "1914"]
[PlyCount "94"]
[EventDate "2004.09.30"]
[EventType "swiss"]
[EventRounds "7"]
[EventCountry "GER"]
[SourceTitle "EXT 2006"]
[Source "ChessBase"]
[SourceDate "2005.11.24"]
[SourceVersion "1"]
[SourceVersionDate "2005.11.24"]
[SourceQuality "1"]

1. c4 Nf6 2. g3 c5 3. Bg2 e6 4. Nf3 Be7 5. 0-0 0-0 6. d4 cxd4 7. Nxd4 d6 8. Nc3 a6 9. b3 Qc7 10. Bb2 Bd7 11. Rc1 Nc6 12. Nd5 Qd8 13. Nxe7+ Qxe7 14. Ba3 Rfd8 15. Nc2 Be8 16. Qd2 Qc7 17. Ne3 Na7 18. Rfd1 Nc8 19. h4 a5 20. Bb2 Qe7 21. g4 Bc6 22. h5 Ne4 23. Bxe4 Bxe4 24. Bxg7 Qh4 25. f3 Bxf3 26. exf3 Kxg7 27. Kg2 Rg8 28. c5 Ra6 29. cxd6 Nxd6 30. Qc3+ Qf6 31. h6+ Kg6 32. Qd3+ Kxh6 33. Rh1+ Kg7 34. Rxh7+ Kf8 35. Rc7 Qb2+ 36. Kg1 Ke8 37. Rhxf7 Qa1+ 38. Nf1 Qe5 39. Qh7 Qd4+ 40. Kg2 Qb2+ 41. Kg3 Qe5+ 42. f4 Qe1+ 43. Kg2 Qe2+ 44. Kh1 Qxf1+ 45. Kh2 Qe2+ 46. Kh1 Qd1+ 47. Kh2 Qd2+ 1/2-1/2